000 00637nam a2200265Ia 4500
005 20260121164936.0
008 008 260114s9999 xx 000 0 eng d
020 _a9780387346496
037 _aEBOOK
040 _aCRL
040 _beng
040 _cCRL
041 _2eng
041 _aeng
084 _qCRL
100 _aGiovanni E. Corazza
_91045580
245 0 _aDigital Satellite Communications
260 _bSpringer
260 _bSpringer
260 _c2007
856 _uhttps://link.springer.com/openurl?genre=book&isbn=978-0-387-34649-6
942 _cEBOOK
999 _c1611303
_d1611303